000
00309nam a2200121Ia 4500
008
220204s9999 xx 000 0 und d
020
_a
0120007932
082
_a
631/635
_b
ADV.75
100
_a
Sparks, Donald L
245
0
_a
Advances in agronomy V.75
260
_a
San Diego
_b
Academic Press
_c
2002
942
_c
BK
999
_c
41922
_d
41922